000 00700cam a22002413a 4500
001 31496
003 PGUSA
005 20140828083700.0
008 100304s2010||||xxu|||||s|||||000 1 eng d
040 _aPGUSA
_beng
042 _adc
050 4 _aPT
100 1 _aAndersen Nexø, Martin,
_d1869-1954
245 1 0 _aDitte :
_bGirl Alive!
_h[electronic resource] /
_cMartin Andersen Nexø
260 _bProject Gutenberg,
_c2010
506 _aPublic domain in the USA.
516 _aElectronic text
653 _aDanish fiction -- Translations into English
653 _aDenmark -- Fiction
830 0 _aProject Gutenberg
_v31496
856 4 0 _uhttp://www.gutenberg.org/ebooks/31496
942 _cEB
999 _c260751
_d260751